[Event "Gif sur Yvette-Orleans"]
[Site "Orleans"]
[Date "2007.11.24"]
[Round "2.6"]
[White "Maurel, Jean Louis"]
[Black "Renault, Nicolas"]
[Result "0-1"]
[WhiteElo "2006"]
[BlackElo "2002"]
[PlyCount "86"]
[EventDate "2007.11.24"]
[SourceDate "2007.10.25"]
[WhiteTeam "Orléans"]
[BlackTeam "Gif sur Yvette"]

1. d4 Nf6 2. c4 g6 3. Nc3 Bg7 4. e4 O-O 5. f3 d6 6. Be3 Nc6 7. Nge2 a6 8. Nc1
Rb8 9. Nb3 Bd7 10. Be2 e5 11. d5 Ne7 12. O-O Ne8 13. c5 f5 14. Rc1 f4 15. Bf2
g5 16. Na5 Bc8 17. cxd6 Nxd6 18. Nc4 Ng6 19. Nxd6 cxd6 20. a4 h5 21. h3 Rf7 22.
Qb3 Bd7 23. Bb6 Qf8 24. a5 Bf6 25. Rc2 Rg7 26. Rfc1 g4 27. hxg4 hxg4 28. fxg4
Nh4 29. Bf2 Bxg4 30. Bxh4 Bxh4 31. Bxg4 Rxg4 32. Na4 f3 33. Nb6 f2+ 34. Kf1
Rxe4 35. g3 Qg7 36. Qf3 Re1+ 37. Rxe1 fxe1=Q+ 38. Kxe1 Bxg3+ 39. Kd1 Rf8 40.
Qe2 Bf4 41. Qg2 Bg3 42. Qh3 Qg6 43. Nc8 Qd3+ 0-1

[Event "Gif sur Yvette-Orleans"]
[Site "Orleans"]
[Date "2007.11.24"]
[Round "2.7"]
[White "Lofi, Sarah"]
[Black "Gilbert, Eric"]
[Result "1/2-1/2"]
[WhiteElo "1867"]
[BlackElo "1950"]
[PlyCount "77"]
[EventDate "2007.11.24"]
[SourceDate "2007.10.25"]
[WhiteTeam "Gif sur Yvette"]
[BlackTeam "Orléans"]

1. e4 e6 2. d4 d5 3. exd5 exd5 4. Nf3 Nf6 5. Bd3 Bd6 6. O-O O-O 7. Bg5 Bg4 8.
Nbd2 Nbd7 9. c3 c6 10. Qc2 Qc7 11. Rfe1 Rae8 12. Rac1 Bh5 13. h3 Bg6 14. Bxg6
hxg6 15. Rxe8 Rxe8 16. Re1 Rxe1+ 17. Nxe1 Bf4 18. Bxf4 Qxf4 19. g3 Qd6 20. Nef3
Qe6 21. Kg2 Ne4 22. Nxe4 dxe4 23. Ng5 Qd5 24. h4 Nf6 25. Kg1 Qxa2 26. Nxe4 Nxe4
27. Qxe4 Qxb2 28. Qe8+ Kh7 29. Qxf7 a5 30. h5 Qb1+ 31. Kh2 b6 32. hxg6+ Qxg6
33. Qc7 Qh5+ 34. Kg1 Qb5 35. g4 a4 36. Qh2+ Kg6 37. Qd6+ Kf7 38. Qd7+ Kf6 39.
Qd6+ 1/2-1/2

[Event "Gif sur Yvette-Orleans"]
[Site "Orleans"]
[Date "2007.11.24"]
[Round "2.8"]
[White "Dinet, Virginie"]
[Black "Costa, Pierre Jean"]
[Result "0-1"]
[WhiteElo "1820"]
[BlackElo "1844"]
[PlyCount "60"]
[EventDate "2007.11.24"]
[SourceDate "2007.10.25"]
[WhiteTeam "Orléans"]
[BlackTeam "Gif sur Yvette"]

1. e4 c5 2. Nf3 e6 3. d4 cxd4 4. Nxd4 Nc6 5. Nc3 Qc7 6. g3 a6 7. Nb3 Nf6 8. Bg2
Be7 9. O-O O-O 10. a3 d6 11. Bg5 h6 12. Be3 b5 13. Nd4 Bb7 14. Nxc6 Bxc6 15.
Qd4 Rab8 16. f3 Rfc8 17. Rfe1 Nd7 18. Rad1 Ba8 19. Qa7 Bb7 20. Qd4 Ne5 21. Kh1
Nc4 22. Bc1 Nxa3 23. bxa3 Qxc3 24. Qxc3 Rxc3 25. Re2 Rbc8 26. Rdd2 d5 27. exd5
Bxa3 28. Bxa3 Rxa3 29. Kg1 Bxd5 30. Kf2 Rcc3 0-1

[Event "Sautron-Lisieux"]
[Site "Gonfreville l'Orcher"]
[Date "2007.11.24"]
[Round "2.1"]
[White "Lubczynski, Rafal"]
[Black "Le Borgne, Pierre"]
[Result "1-0"]
[WhiteElo "2377"]
[BlackElo "2223"]
[PlyCount "61"]
[EventDate "2007.11.24"]
[SourceDate "2007.10.25"]

1. d4 d6 2. Nf3 f5 3. c4 Nf6 4. Nc3 g6 5. g3 Bg7 6. Bg2 O-O 7. O-O Qe8 8. d5
Na6 9. Be3 h6 10. Qd2 g5 11. h4 f4 12. gxf4 g4 13. Nd4 Qh5 14. f5 Qxh4 15. Ne6
Bxe6 16. fxe6 Nh7 17. f4 gxf3 18. exf3 Qxc4 19. f4 Nc5 20. Rad1 Nf6 21. Bf3
Nfe4 22. Nxe4 Nxe4 23. Qg2 Nf6 24. f5 Kh8 25. Rd4 Qc5 26. Rc1 Nxd5 27. Rxc5
Nxe3 28. Qg6 Bxd4 29. Qxh6+ Kg8 30. Qg5+ Kh8 31. Qh4+ 1-0

[Event "Sautron-Lisieux"]
[Site "Gonfreville l'Orcher"]
[Date "2007.11.24"]
[Round "2.2"]
[White "Coursaget, Nicolas"]
[Black "Pham Minh, Hoang"]
[Result "0-1"]
[WhiteElo "2300"]
[BlackElo "2475"]
[PlyCount "114"]
[EventDate "2007.11.24"]
[SourceDate "2007.10.25"]

1. d4 Nf6 2. c4 e6 3. Nf3 b6 4. g3 Ba6 5. b3 Bb4+ 6. Bd2 Be7 7. Bg2 c6 8. Bc3
d5 9. Ne5 Nfd7 10. Nxd7 Nxd7 11. Nd2 O-O 12. O-O Rc8 13. Re1 f5 14. a4 Nf6 15.
a5 c5 16. axb6 Qxb6 17. e3 Bb7 18. Ba5 Qc6 19. b4 cxd4 20. exd4 Ne4 21. Nxe4
fxe4 22. c5 Ba6 23. f3 exf3 24. Bxf3 Bf6 25. Bg2 Bc4 26. Ra3 Rce8 27. Rc3 Bb5
28. Rce3 Re7 29. Kh1 Rfe8 30. Qa1 Kh8 31. h4 g5 32. hxg5 Bxg5 33. Re5 Bf6 34.
Rh5 Bd3 35. Qd1 Bg6 36. Rh2 e5 37. dxe5 Rxe5 38. Rf1 Bg7 39. Rh4 Rg5 40. Qb3
Be4 41. Bxe4 dxe4 42. Qe3 Rg6 43. Rf7 a6 44. Kh2 Qd5 45. Ra7 Rf6 46. c6 Rxc6
47. Rxg7 Kxg7 48. Qa7+ Kf8 49. Qxh7 Qa2+ 50. Kh3 Qe6+ 51. Kg2 Rc2+ 52. Kg1 Rc1+
53. Kf2 Qa2+ 54. Ke3 Rc3+ 55. Kf4 Rf3+ 56. Kg4 Qe6+ 57. Kg5 Qe5+ 0-1

[Event "Sautron-Lisieux"]
[Site "Gonfreville l'Orcher"]
[Date "2007.11.24"]
[Round "2.3"]
[White "Tripoteau, Nicolas"]
[Black "Decosse, Jean Fabien"]
[Result "1-0"]
[WhiteElo "2298"]
[BlackElo "2245"]
[PlyCount "53"]
[EventDate "2007.11.24"]
[SourceDate "2007.10.25"]

1. d4 g6 2. e4 c5 3. Nc3 d6 4. Bc4 Bg7 5. Qf3 e6 6. Nge2 Qe7 7. Qg3 Nd7 8. Bg5
f6 9. Be3 Nb6 10. Bb3 Nh6 11. a4 Nf7 12. a5 Nd7 13. Nf4 Nf8 14. O-O Bh6 15. e5
Bxf4 16. Bxf4 dxe5 17. dxe5 f5 18. Be3 g5 19. f4 gxf4 20. Qxf4 Ng6 21. Qf2
Nfxe5 22. Bxc5 Ng4 23. Qd4 Qd8 24. Bd6 Nh6 25. Rae1 Nf7 26. Bxe6 Nxd6 27. Bxf5+
1-0

[Event "Sautron-Lisieux"]
[Site "Gonfreville l'Orcher"]
[Date "2007.11.24"]
[Round "2.4"]
[White "Marie, Maxime"]
[Black "Sorin, Baptiste"]
[Result "1-0"]
[WhiteElo "2240"]
[BlackElo "2143"]
[PlyCount "59"]
[EventDate "2007.11.24"]
[SourceDate "2007.10.25"]

1. e4 c5 2. Nf3 d6 3. d4 cxd4 4. Nxd4 Nf6 5. Nc3 Nc6 6. Bg5 e6 7. Qd2 a6 8.
O-O-O h6 9. Bh4 Nxe4 10. Qf4 Ng5 11. Nxc6 bxc6 12. Qa4 Qc7 13. f4 Nh7 14. Bd3
Nf6 15. Rhe1 Bd7 16. f5 e5 17. g4 Qb6 18. Bc4 a5 19. Bxf6 gxf6 20. Ne4 Rb8 21.
Bb3 Qb4 22. Nxf6+ Ke7 23. Nxd7 Qxa4 24. Bxa4 Kxd7 25. Rd5 Bg7 26. Red1 Bf8 27.
Rxa5 Be7 28. Ra7+ Kd8 29. Bxc6 h5 30. Rd7+ 1-0

[Event "Sautron-Lisieux"]
[Site "Gonfreville l'Orcher"]
[Date "2007.11.24"]
[Round "2.5"]
[White "Rate, Bruno"]
[Black "Blanche, Paul"]
[Result "1-0"]
[WhiteElo "2106"]
[BlackElo "2132"]
[PlyCount "35"]
[EventDate "2007.11.24"]
[SourceDate "2007.10.25"]

1. d4 d5 2. Nf3 Nf6 3. e3 e6 4. Bd3 Bd6 5. Nbd2 Nbd7 6. O-O e5 7. e4 O-O 8.
exd5 Nxd5 9. Nc4 exd4 10. Nxd6 cxd6 11. Nxd4 Ne5 12. Be2 Qf6 13. Nb5 Be6 14. f4
Nc4 15. Bxc4 Ne3 16. Bxe3 Bxc4 17. Bd4 Qd8 18. Nc3 1-0

[Event "Sautron-Lisieux"]
[Site "Gonfreville l'Orcher"]
[Date "2007.11.24"]
[Round "2.6"]
[White "Bourdonnais, Loic"]
[Black "Lebreton, Flavien"]
[Result "1-0"]
[WhiteElo "2180"]
[BlackElo "1898"]
[PlyCount "71"]
[EventDate "2007.11.24"]
[SourceDate "2007.10.25"]

1. c4 e5 2. g3 Nf6 3. Bg2 d5 4. cxd5 Nxd5 5. Nc3 Nb6 6. Nf3 Nc6 7. O-O Be7 8.
Rb1 Be6 9. b4 f6 10. a3 a5 11. b5 Nd4 12. Nxd4 exd4 13. Na4 Bd5 14. Nxb6 cxb6
15. Bxd5 Qxd5 16. Qa4 h5 17. Bb2 Bc5 18. e4 Qd7 19. h4 g5 20. hxg5 fxg5 21. Qc4
O-O-O 22. Rfc1 h4 23. Qf1 hxg3 24. fxg3 d3+ 25. Rxc5+ bxc5 26. Bxh8 Rxh8 27.
Qf5 Qxf5 28. exf5 Kd7 29. Re1 Kd6 30. Kg2 g4 31. Re4 Kd5 32. Rxg4 c4 33. Kf3 c3
34. dxc3 Kc5 35. Ke3 Kxb5 36. Kxd3 1-0

[Event "Sautron-Lisieux"]
[Site "Gonfreville l'Orcher"]
[Date "2007.11.24"]
[Round "2.7"]
[White "Gallant, Aurelien"]
[Black "Barbini, Denis"]
[Result "0-1"]
[WhiteElo "1898"]
[BlackElo "2133"]
[PlyCount "127"]
[EventDate "2007.11.24"]
[SourceDate "2007.10.25"]

1. e4 d6 2. d4 Nf6 3. Nc3 g6 4. f4 Bg7 5. Nf3 c5 6. dxc5 Qa5 7. Bb5+ Bd7 8.
Bxd7+ Nbxd7 9. Bd2 Qxc5 10. Qe2 a6 11. e5 dxe5 12. fxe5 Ng4 13. e6 Nde5 14. h3
Nxf3+ 15. Qxf3 Ne5 16. exf7+ Nxf7 17. O-O-O O-O 18. Qd5 Qc7 19. Qe6 Rac8 20.
Rhf1 Bf6 21. Qb3 Rfd8 22. Ne4 Kg7 23. Bc3 Rxd1+ 24. Kxd1 Ne5 25. Qe6 Qc4 26.
Qxc4 Rxc4 27. Nxf6 exf6 28. Bxe5 fxe5 29. Kd2 Rd4+ 30. Ke3 b5 31. c3 Ra4 32. a3
Rc4 33. Kd3 h5 34. g3 Ra4 35. Rf2 Rc4 36. b3 e4+ 37. Kc2 Rc6 38. Rf4 Re6 39.
Kd2 g5 40. Rf5 Kg6 41. Rd5 Rf6 42. c4 bxc4 43. bxc4 Rf3 44. c5 Rxa3 45. c6 e3+
46. Kc2 e2 47. Re5 Ra5 48. Rxe2 Rc5+ 49. Kd3 Rxc6 50. Re5 Rb6 51. Ke3 Rb3+ 52.
Kf2 Ra3 53. Kg2 Kf6 54. Rc5 a5 55. h4 Ra2+ 56. Kg1 gxh4 57. gxh4 Kg6 58. Rg5+
Kh6 59. Rc5 a4 60. Ra5 a3 61. Ra6+ Kg7 62. Kf1 Ra1+ 63. Ke2 a2 64. Kf2 0-1

[Event "Sautron-Lisieux"]
[Site "Gonfreville l'Orcher"]
[Date "2007.11.24"]
[Round "2.8"]
[White "Blanche, Sandrine"]
[Black "Desnoes, Anne Laure"]
[Result "1-0"]
[WhiteElo "1860"]
[BlackElo "1487"]
[PlyCount "71"]
[EventDate "2007.11.24"]
[SourceDate "2007.10.25"]

1. d4 d5 2. c4 e6 3. Nc3 Nf6 4. Bg5 Be7 5. e3 Nbd7 6. cxd5 exd5 7. Bd3 c6 8.
Nge2 h6 9. Bh4 Ng4 10. Bxe7 Qxe7 11. Qd2 O-O 12. h3 Ngf6 13. O-O Nh7 14. Rad1
Ndf6 15. Bb1 Ng5 16. Qd3 Re8 17. Rfe1 Nge4 18. f3 Ng5 19. h4 Ngh7 20. e4 dxe4
21. fxe4 g6 22. Nf4 Ng4 23. Qg3 Bd7 24. e5 Bf5 25. Ne4 Kh8 26. Nd6 Rg8 27. Bxf5
gxf5 28. Nxf5 Qd7 29. Qd3 Nf8 30. Nh5 Nh7 31. Rf1 Qd5 32. Ne7 Qxg2+ 33. Kxg2
Nxe5+ 34. Nxg8 Rxg8+ 35. Kf2 Nxd3+ 36. Rxd3 1-0

[Event "Bagneux-Gonfreville l'Orcher II"]
[Site "Gonfreville l'Orcher"]
[Date "2007.11.24"]
[Round "2.1"]
[White "Mohandesi, Shahin"]
[Black "Mandon, Fabrice"]
[Result "1-0"]
[WhiteElo "2322"]
[BlackElo "2188"]
[PlyCount "109"]
[EventDate "2007.11.24"]
[SourceDate "2007.10.25"]

1. d4 d5 2. c4 dxc4 3. Nf3 Nf6 4. e3 e6 5. Bxc4 a6 6. O-O c5 7. dxc5 Qxd1 8.
Rxd1 Bxc5 9. Nbd2 Nc6 10. Nb3 Be7 11. Bd2 O-O 12. Rac1 Bd7 13. Be2 Rfd8 14. Be1
Rac8 15. Nc5 Bxc5 16. Rxc5 Be8 17. Rdc1 Ne4 18. R5c2 Ne7 19. Rc7 Nd6 20. Bb4
Rxc7 21. Rxc7 Nd5 22. Bxd6 Nxc7 23. Bxc7 Rc8 24. Be5 Rc1+ 25. Bf1 Bb5 26. Nd2
Rd1 27. Bc3 e5 28. f3 f6 29. Kf2 Bxf1 30. Nxf1 Kf7 31. e4 Ke6 32. Ne3 Rd7 33.
Ke2 Rd8 34. Nd5 Rd7 35. g3 Rd8 36. Nb4 Rd7 37. a4 Rd8 38. a5 Kd6 39. Nd3 Kc6
40. f4 exf4 41. gxf4 Re8 42. Ke3 Re7 43. h4 Kb5 44. f5 Kc4 45. Nf4 Rd7 46. h5
h6 47. Ne6 Re7 48. e5 Kd5 49. Nf4+ Kc4 50. e6 Re8 51. Ke4 Kc5 52. Nd5 Kc6 53.
Bb4 Rd8 54. e7 Re8 55. Nf4 1-0

[Event "Bagneux-Gonfreville l'Orcher II"]
[Site "Gonfreville l'Orcher"]
[Date "2007.11.24"]
[Round "2.2"]
[White "Lefebvre, Herve"]
[Black "Mokcsay, Robert"]
[Result "1/2-1/2"]
[WhiteElo "2249"]
[BlackElo "2299"]
[PlyCount "129"]
[EventDate "2007.11.24"]
[SourceDate "2007.10.25"]

1. e4 c5 2. Nf3 Nc6 3. d4 cxd4 4. Nxd4 g6 5. c4 Bg7 6. Be3 d6 7. Nc3 Nf6 8. Be2
Bd7 9. O-O O-O 10. Qd2 Ng4 11. Bxg4 Bxg4 12. f3 Bd7 13. Rac1 Qa5 14. b3 Rfc8
15. Rfd1 Be8 16. Nd5 Qxd2 17. Rxd2 Kf8 18. Nb5 Bd7 19. Rcd1 b6 20. h3 Rab8 21.
Kf2 Rb7 22. g4 a6 23. Nd4 b5 24. Nxc6 Bxc6 25. cxb5 Bxb5 26. Bd4 f6 27. Nb6
Rcb8 28. a4 Be8 29. a5 Rc7 30. Rd3 Bh6 31. Be3 Bxe3+ 32. Rxe3 Rbb7 33. Rdd3
Rc2+ 34. Kg3 Bf7 35. Rc3 Rc7 36. Rxc7 Rxc7 37. b4 Rc2 38. Rd3 Rb2 39. Rd4 Ke8
40. Nc4 Rb3 41. h4 Kd7 42. g5 Rc3 43. Nb6+ Kc7 44. gxf6 exf6 45. Nd5+ Bxd5 46.
exd5 Kd7 47. h5 f5 48. hxg6 hxg6 49. Kf4 Ke7 50. Kg5 Kf7 51. Rh4 Rxf3 52. Rh7+
Kg8 53. Rb7 Rg3+ 54. Kf4 Rg4+ 55. Kf3 g5 56. b5 axb5 57. a6 Ra4 58. a7 Ra3+ 59.
Ke2 Ra2+ 60. Kd1 Ra1+ 61. Kd2 Ra2+ 62. Kc3 Ra3+ 63. Kd2 Ra2+ 64. Kd3 Ra3+ 65.
Ke2 1/2-1/2

[Event "Bagneux-Gonfreville l'Orcher II"]
[Site "Gonfreville l'Orcher"]
[Date "2007.11.24"]
[Round "2.3"]
[White "Le Quang, Kim"]
[Black "Bacon, Nicolas"]
[Result "0-1"]
[WhiteElo "2278"]
[BlackElo "2261"]
[PlyCount "70"]
[EventDate "2007.11.24"]
[SourceDate "2007.10.25"]

1. e4 c5 2. Nf3 Nc6 3. d4 cxd4 4. Nxd4 Qb6 5. Nb3 Nf6 6. Nc3 e6 7. Bd3 a6 8.
O-O d6 9. Be3 Qc7 10. f4 b5 11. a3 Be7 12. Qf3 Bb7 13. Kh1 h5 14. Bg1 Ng4 15.
a4 b4 16. Nd1 g5 17. Nd4 gxf4 18. Qxf4 Bf6 19. Nxc6 Bxc6 20. c3 bxc3 21. Nxc3
Qe7 22. a5 Be5 23. Qf3 f5 24. Rad1 Qh4 25. g3 Qe7 26. Nd5 Qb7 27. Nb6 h4 28.
gxh4 Nf6 29. Rc1 fxe4 30. Qg2 Rg8 31. Rxf6 Rxg2 32. Rxe6+ Kd8 33. Rf1 Rxh2+ 34.
Bxh2 exd3+ 35. Kg1 Qg7+ 0-1

[Event "Bagneux-Gonfreville l'Orcher II"]
[Site "Gonfreville l'Orcher"]
[Date "2007.11.24"]
[Round "2.4"]
[White "Jeanne, Mickael"]
[Black "Gollain, Marc"]
[Result "1-0"]
[WhiteElo "2236"]
[BlackElo "2194"]
[PlyCount "125"]
[EventDate "2007.11.24"]
[SourceDate "2007.10.25"]

1. Nf3 d5 2. d4 Nf6 3. c4 e6 4. g3 dxc4 5. Bg2 c5 6. Qa4+ Bd7 7. Qxc4 Bc6 8.
dxc5 Qd5 9. Qc2 Bxc5 10. O-O Nbd7 11. Nh4 Qd6 12. Bf4 Qe7 13. Bxc6 bxc6 14. e4
Rc8 15. Nd2 Ng4 16. Ndf3 O-O 17. h3 Ngf6 18. Ng2 Rfd8 19. Rac1 e5 20. Be3 Bb6
21. Rfd1 Qb4 22. Nd2 Nf8 23. Nc4 Rxd1+ 24. Rxd1 Bxe3 25. Ngxe3 Ne6 26. a3 Qf8
27. Nxe5 c5 28. Nd5 Nxd5 29. Rxd5 Qe8 30. Nf3 h6 31. Kg2 Rc7 32. Qd3 Qa8 33.
Qc4 Qb7 34. Rd2 Rd7 35. Rxd7 Qxd7 36. Ne5 Qd2 37. b4 cxb4 38. axb4 Qe1 39. h4
Qd2 40. Qc8+ Qd8 41. Qb7 Qc7 42. Qxc7 Nxc7 43. Nc6 Nb5 44. Kf3 Kf8 45. Ke3 Ke8
46. Nd4 Nc7 47. Kd3 Kd7 48. Kc4 Ne8 49. e5 Kc7 50. Nb5+ Kb6 51. Nd4 Kc7 52. Kc5
a6 53. Nf5 Kd7 54. f4 Ke6 55. Nd4+ Kd7 56. f5 h5 57. Ne2 Nc7 58. Nf4 g6 59. e6+
fxe6 60. fxg6 Ke7 61. Nxh5 e5 62. g7 Kf7 63. Kd6 1-0

[Event "Bagneux-Gonfreville l'Orcher II"]
[Site "Gonfreville l'Orcher"]
[Date "2007.11.24"]
[Round "2.5"]
[White "Goerlinger, Stephane"]
[Black "Vaugeois, Stephane"]
[Result "1/2-1/2"]
[WhiteElo "2222"]
[BlackElo "2094"]
[PlyCount "106"]
[EventDate "2007.11.24"]
[SourceDate "2007.10.25"]

1. e4 d6 2. Bc4 Nf6 3. Qe2 c6 4. Bb3 a5 5. a4 e5 6. Nf3 Bg4 7. d3 Qd7 8. Be3
Be6 9. Nbd2 Ng4 10. Nc4 Bxc4 11. Bxc4 Nxe3 12. Qxe3 Be7 13. d4 Qc7 14. O-O O-O
15. Rad1 Nd7 16. Rd2 Rad8 17. Rfd1 Bf6 18. h3 Rfe8 19. d5 c5 20. Bb5 Re7 21. g4
g6 22. Kg2 Bg7 23. Rh1 Nf6 24. Nh2 Qc8 25. Re2 Rf8 26. f3 Rc7 27. Nf1 h6 28.
Nd2 Qd8 29. Kf1 Nh7 30. Nc4 Rc8 31. h4 f5 32. gxf5 gxf5 33. exf5 Rxf5 34. Rg2
Qf6 35. Nd2 Rf8 36. Ke2 e4 37. fxe4 Rf4 38. Rhg1 Rf7 39. Be8 Re7 40. Rg6 Qe5
41. Re6 Rxe6 42. dxe6 Nf6 43. Bg6 Rg4 44. Bf5 Qh2+ 45. Kf1 Rxg1+ 46. Qxg1 Qxd2
47. Qg6 Qd1+ 48. Kf2 Qxc2+ 49. Ke3 Qc1+ 50. Kf3 Qd1+ 51. Kf2 Qd2+ 52. Kf3 Qd3+
53. Kf2 Qd2+ 1/2-1/2

[Event "Bagneux-Gonfreville l'Orcher II"]
[Site "Gonfreville l'Orcher"]
[Date "2007.11.24"]
[Round "2.6"]
[White "Theon, Pierre"]
[Black "Sabban, Manuel"]
[Result "1-0"]
[WhiteElo "2121"]
[BlackElo "1867"]
[PlyCount "49"]
[EventDate "2007.11.24"]
[SourceDate "2007.10.25"]

1. e4 e6 2. d4 d5 3. Nd2 Nf6 4. e5 Nfd7 5. c3 c5 6. Bd3 Nc6 7. Ndf3 cxd4 8.
cxd4 Qb6 9. a3 Nxd4 10. Nxd4 Qxd4 11. Nf3 Qb6 12. Qa4 Qc6 13. Bb5 Qc7 14. Be3
a6 15. Rc1 Qb8 16. Bd3 b5 17. Qd4 Bb7 18. O-O Be7 19. Rfe1 Qd8 20. Qg4 Kf8 21.
Bg5 Nb6 22. Qf4 h6 23. Bxe7+ Qxe7 24. Nd4 Qd7 25. Rc7 1-0

[Event "Bagneux-Gonfreville l'Orcher II"]
[Site "Gonfreville l'Orcher"]
[Date "2007.11.24"]
[Round "2.7"]
[White "Payen, Gerard"]
[Black "Charmeteau, Sven"]
[Result "0-1"]
[WhiteElo "1782"]
[BlackElo "2168"]
[PlyCount "60"]
[EventDate "2007.11.24"]
[SourceDate "2007.10.25"]

1. e4 c5 2. c3 d5 3. exd5 Qxd5 4. d4 Nc6 5. Nf3 Bg4 6. Be2 cxd4 7. cxd4 e6 8.
Nc3 Bb4 9. Bd2 Qd8 10. a3 Ba5 11. Be3 Nge7 12. O-O Bb6 13. Qa4 O-O 14. Rad1 Nd5
15. Nxd5 Qxd5 16. Rd2 Rfd8 17. Rfd1 Na5 18. Ne5 Bxe2 19. Rxe2 Nb3 20. Nc4 Rac8
21. Nxb6 axb6 22. Qb4 e5 23. Qxb6 exd4 24. Bf4 d3 25. Re3 Rc1 26. Re8+ Rxe8 27.
Bxc1 d2 28. Bxd2 Qxd2 29. Rf1 Re1 30. Qxb3 Qe2 0-1

[Event "Evry Grand Roque II-Echiquier Berry Sol"]
[Site "Gien"]
[Date "2007.11.24"]
[Round "2.1"]
[White "Maisuradze, Nino"]
[Black "Bogdan, Lalic"]
[Result "0-1"]
[WhiteElo "2267"]
[BlackElo "2500"]
[PlyCount "62"]
[EventDate "2007.11.24"]
[SourceDate "2007.10.25"]

1. f4 d5 2. e3 g6 3. Nf3 Bg7 4. Be2 c6 5. O-O Nd7 6. Nc3 e5 7. fxe5 Nxe5 8.
Nxe5 Bxe5 9. d4 Bg7 10. e4 dxe4 11. Nxe4 Bf5 12. Ng5 Qxd4+ 13. Qxd4 Bxd4+ 14.
Kh1 Nh6 15. Bc4 O-O 16. c3 Bg7 17. Be3 b5 18. Bb3 a5 19. Bc5 a4 20. Bxf8 Kxf8
21. Bd1 a3 22. bxa3 Bxc3 23. Bf3 Bxa1 24. Rxa1 c5 25. Rc1 Rc8 26. h3 c4 27. Bb7
Rc5 28. Ba6 Bd3 29. Nf3 Nf5 30. Nd2 Nd6 31. a4 bxa4 0-1

[Event "Evry Grand Roque II-Echiquier Berry Sol"]
[Site "Gien"]
[Date "2007.11.24"]
[Round "2.2"]
[White "Cosma, Ioan"]
[Black "Betton, Olivier"]
[Result "0-1"]
[WhiteElo "2467"]
[BlackElo "2188"]
[PlyCount "78"]
[EventDate "2007.11.24"]
[SourceDate "2007.10.25"]

1. d4 Nf6 2. Nf3 e6 3. g3 c5 4. Bg2 Nc6 5. O-O Be7 6. c4 d5 7. cxd5 exd5 8. Nc3
O-O 9. Bg5 Be6 10. dxc5 Bxc5 11. Bxf6 Qxf6 12. Nxd5 Qxb2 13. Nc7 Rad8 14. Qc1
Qxc1 15. Raxc1 b6 16. Nxe6 fxe6 17. e3 h6 18. Rc4 Rd3 19. Ne1 Rd6 20. Bxc6 Rxc6
21. Nd3 Rd8 22. Rc3 Kf8 23. Rfc1 Rdc8 24. h4 Ke7 25. Rc4 R6c7 26. Rg4 Kf7 27.
Rcc4 Bd6 28. Rcd4 Rc6 29. h5 b5 30. Rg6 Ra6 31. Rdg4 Rg8 32. Re4 Re8 33. Rd4
Rc8 34. Re4 Bb8 35. Reg4 Rg8 36. Rb4 Rb6 37. Rb3 Rd8 38. Kg2 Rd5 39. g4 a5 0-1

[Event "Evry Grand Roque II-Echiquier Berry Sol"]
[Site "Gien"]
[Date "2007.11.24"]
[Round "2.3"]
[White "Guyard, Rodolphe"]
[Black "Laurent, Julien"]
[Result "0-1"]
[WhiteElo "2124"]
[BlackElo "2315"]
[PlyCount "50"]
[EventDate "2007.11.24"]
[SourceDate "2007.10.25"]

1. e4 c5 2. b3 e6 3. Bb2 d5 4. Nc3 a6 5. exd5 exd5 6. Qf3 Nf6 7. O-O-O Be7 8.
Re1 O-O 9. Bd3 Nc6 10. Nh3 Nd4 11. Qg3 Ng4 12. Rxe7 Qxe7 13. Nxd5 Qe5 14. Qh4
Nh6 15. Ne7+ Kh8 16. Nxc8 Raxc8 17. f4 Qd5 18. Rg1 b5 19. g4 c4 20. g5 Nhf5 21.
Bxf5 Nxf5 22. Qh5 cxb3 23. axb3 Qxb3 24. c3 Nd4 25. Kb1 Qc2+ 0-1

[Event "Evry Grand Roque II-Echiquier Berry Sol"]
[Site "Gien"]
[Date "2007.11.24"]
[Round "2.5"]
[White "Baumhauer, Christian"]
[Black "Senderovic, Salko"]
[Result "1-0"]
[WhiteElo "2035"]
[BlackElo "2104"]
[PlyCount "99"]
[EventDate "2007.11.24"]
[SourceDate "2007.10.25"]

1. d4 d5 2. Nf3 Nf6 3. e3 g6 4. Bd3 Bg7 5. O-O O-O 6. Nbd2 b6 7. b3 Bb7 8. Bb2
Nbd7 9. Rc1 Rc8 10. Re1 c5 11. Qe2 e6 12. Nf1 Ne8 13. Ng3 Nd6 14. c4 dxc4 15.
bxc4 Nf5 16. Nxf5 exf5 17. d5 Re8 18. Bxg7 Kxg7 19. Qb2+ Qf6 20. Qa3 Ra8 21.
Rb1 Ne5 22. Nxe5 Rxe5 23. Qb2 Re7 24. f3 Rae8 25. Kf2 Qxb2+ 26. Rxb2 Kf6 27. g3
Ke5 28. h4 Kd6 29. h5 Bc8 30. Rbe2 Bd7 31. hxg6 fxg6 32. a4 Bxa4 33. Ra2 b5 34.
cxb5 Bb3 35. Ra6+ Kxd5 36. e4+ fxe4 37. fxe4+ Kd4 38. Rd6+ Kc3 39. Rc1+ Kb4 40.
Rc6 Re5 41. b6 axb6 42. Rxb6+ Ka3 43. Ra1+ Kb2 44. Rb1+ Kc3 45. R1xb3+ Kd2 46.
Rd6 Rf8+ 47. Kg2 g5 48. Rb2+ Kc3 49. Rc2+ Kb4 50. Rb6+ 1-0

[Event "Cergy Pontoise-Rennes Paul Bert"]
[Site "Gien"]
[Date "2007.11.24"]
[Round "2.1"]
[White "Bernard, Christophe"]
[Black "Monroy, Charles"]
[Result "0-1"]
[WhiteElo "2367"]
[BlackElo "2368"]
[PlyCount "58"]
[EventDate "2007.11.24"]
[SourceDate "2007.10.25"]

1. e4 c5 2. c3 Nf6 3. e5 Nd5 4. Nf3 Nc6 5. g3 d6 6. exd6 Qxd6 7. Bg2 Bf5 8. O-O
Bd3 9. Re1 e6 10. Na3 Be7 11. b3 Nb6 12. Bb2 Bf6 13. Qc1 O-O 14. c4 Bxb2 15.
Qxb2 Rad8 16. Nb5 Qe7 17. Ne5 Nxe5 18. Rxe5 a6 19. Nc3 Bxc4 20. Rae1 Bd3 21.
Qa3 Rc8 22. Qa5 Qc7 23. f4 Rfd8 24. R5e3 Bg6 25. R3e2 h6 26. Rc1 c4 27. Ne4 Rd4
28. bxc4 Rxc4 29. Rxc4 Qxc4 0-1

[Event "Cergy Pontoise-Rennes Paul Bert"]
[Site "Gien"]
[Date "2007.11.24"]
[Round "2.2"]
[White "Demanghon, Jonathan"]
[Black "Marcantoni, Herve"]
[Result "1-0"]
[WhiteElo "2214"]
[BlackElo "2206"]
[PlyCount "79"]
[EventDate "2007.11.24"]
[SourceDate "2007.10.25"]

1. d4 d6 2. c4 f5 3. Nc3 Nf6 4. Bg5 Nbd7 5. Qc2 g6 6. Nf3 Bg7 7. Rd1 O-O 8. g3
c6 9. Bg2 Qe8 10. d5 Nc5 11. Nd4 Bd7 12. O-O a5 13. b3 h6 14. Bc1 Nh5 15. Ba3
Rc8 16. Bxc5 dxc5 17. Ne6 Bxe6 18. dxe6 Rb8 19. Na4 b6 20. Rd7 Qc8 21. Rxe7 Re8
22. Rxe8+ Qxe8 23. e7 Qxe7 24. Bxc6 Qf6 25. Bd5+ Kh8 26. e3 Qe5 27. Rd1 Nf6 28.
Bg2 Ne8 29. Bf3 Bf6 30. Rd5 Qa1+ 31. Kg2 Bg7 32. Qd2 Qf6 33. Rd7 Qa1 34. Rd8
Qe5 35. Bc6 Bf6 36. Rxe8+ Rxe8 37. Bxe8 Qxe8 38. Nxb6 Bg5 39. Qd5 Bd8 40. Nd7
1-0

[Event "Cergy Pontoise-Rennes Paul Bert"]
[Site "Gien"]
[Date "2007.11.24"]
[Round "2.3"]
[White "Cathelineau, Didier"]
[Black "Rivet, Gilles"]
[Result "1/2-1/2"]
[WhiteElo "2186"]
[BlackElo "2105"]
[PlyCount "81"]
[EventDate "2007.11.24"]
[SourceDate "2007.10.25"]

1. d4 Nf6 2. Nf3 g6 3. g3 Bg7 4. Bg2 d5 5. O-O O-O 6. c4 c6 7. cxd5 cxd5 8. Nc3
Nc6 9. Bf4 Nh5 10. Qd2 Nxf4 11. Qxf4 e6 12. Rfd1 Qf6 13. Qxf6 Bxf6 14. Rac1 Rd8
15. Na4 Nb4 16. a3 Na6 17. Ne5 Bd7 18. Nc5 Nxc5 19. Rxc5 Bxe5 20. dxe5 Rac8 21.
Rdc1 Rxc5 22. Rxc5 Rc8 23. Rxc8+ Bxc8 24. e3 Bd7 25. Kf1 Kf8 26. Ke2 Bb5+ 27.
Kd2 Ke7 28. Kc3 Kd7 29. Kd4 Be2 30. e4 dxe4 31. Bxe4 b6 32. Ke3 Bb5 33. Kf4 h6
34. b4 Ba4 35. h4 Ke7 36. g4 Kd8 37. Kg3 Ke7 38. f4 Bd7 39. Kf3 Ba4 40. Kg3 Bd7
41. Kf3 1/2-1/2

[Event "Cergy Pontoise-Rennes Paul Bert"]
[Site "Gien"]
[Date "2007.11.24"]
[Round "2.4"]
[White "Le Bail, Clara"]
[Black "Yacob, Francois"]
[Result "0-1"]
[WhiteElo "2051"]
[BlackElo "2160"]
[PlyCount "60"]
[EventDate "2007.11.24"]
[SourceDate "2007.10.25"]

1. e4 c5 2. c3 Nc6 3. d4 cxd4 4. cxd4 d5 5. e5 Qb6 6. Ne2 Bg4 7. f3 Bf5 8. a3
e6 9. Nbc3 f6 10. exf6 Nxf6 11. g4 Bg6 12. Bh3 Bf7 13. O-O Bd6 14. Na4 Qc7 15.
Rf2 O-O 16. Be3 b5 17. Nac3 Rab8 18. Rc1 b4 19. axb4 Rxb4 20. Na4 Rfb8 21. Qc2
Rc4 22. Qd2 Rxa4 23. Nf4 Rc4 24. Rxc4 dxc4 25. g5 Nd5 26. Nxd5 exd5 27. Qd1 Bf4
28. Qd2 Bxe3 29. Qxe3 Re8 30. Qd2 Qb6 0-1